LEADER 00958nam0-22003011i-450- 001 990003147430403321 035 $a000314743 035 $aFED01000314743 035 $a(Aleph)000314743FED01 035 $a000314743 100 $a20000920d1986----km-y0itay50------ba 101 0 $aeng 102 $aIT 200 1 $aOn the Shape of the Spatial Demand Function$fDavid F.Batten. 210 $as.l.$c[s.n.]$d\novembre \\1986. 215 $a24 p.$cill.$d20 cm 225 1 $aNote di lavoro$fDipartimento di Scienze Economiche, Universitą degli Studi di Venezia, Cą Foscari$v8610 676 $aI/2.111 702 1$aBatten,$bDavid F. 712 2$aUniversitą Ca' Foscari Venezia.$bDipartimento di scienze economiche 801 0$aIT$bUNINA$gRICA$2UNIMARC 901 $aBK 912 $a990003147430403321 952 $aA/71 NOT$b5672$fSES 959 $aSES 996 $aOn the Shape of the Spatial Demand Function$9456109 997 $aUNINA DB $aING01 LEADER 00971nam a2200265 a 4500 001 991002794429707536 008 150626s1969 us 000 eng d 035 $ab14233289-39ule_inst 040 $aBibl. Dip.le Aggr. Matematica e Fisica - Sez. Matematica$beng 082 0 $a533.2 084 $aAMS 82B40 084 $aAMS 82C40 084 $aAMS 76D05 100 1 $aCercignani, Carlo$017698 245 10$aMathematical methods in kinetic theory /$cCarlo Cercignani 260 $aNew York :$bPlenum Press,$c1969 300 $aix, 227 p. ;$c24 cm 650 0$aKinetic theory of gases 650 0$aMathematical Methods 907 $a.b14233289$b20-10-15$c26-06-15 912 $a991002794429707536 945 $aLE013 Fondo Cattaneo 82B CER11 (1969)$g1$i2013000225883$lle013$og$pE19.97$q-$rn$s- $t1$u0$v0$w0$x0$y.i15683369$z26-06-15 996 $aMathematical Methods in Kinetic Theory$9130092 997 $aUNISALENTO 998 $ale013$b26-06-15$cm$da $e-$feng$gus $h0$i0